Les 20 villes les plus peuplées de l'Aube (10) - Statistiques

Statistiques générales
  • Ce quiz a été pris 32 fois
  • Le résultat moyen est 9 sur 20
Statistiques - réponses
Habitants (en milliers) Première lettre de la ville ANSWER % Correct
62 443 T Troyes
100%
14 751 R Romilly-sur-Seine
89%
4 743 B Bar-sur-Aube
74%
5 673 N Nogent-sur-Seine
70%
10 457 S Sainte-Savine
67%
2 869 B Bar-sur-Seine
59%
12 603 L La Chapelle-Saint-Luc
56%
12 695 S Saint-André-les-Vergers
48%
2 779 A Arcis-sur-Aube
37%
6 752 S Saint-Julien-les-Villas
37%
2 703 B Brienne-le-Château
33%
3 214 S Saint-Parres-aux-Tertres
33%
4 866 R Rosières-près-Troyes
30%
3 091 B Bréviandes
26%
5 202 P Pont-Sainte-Marie
26%
3 260 L Les Noës-près-Troyes
22%
2 867 S Saint-Lyé
19%
3 336 A Aix-Villemaur-Pâlis
15%
3 681 L La Rivière-de-Corps
11%
2 604 V Villenauxe-la-Grande
7%
Aucun quiz correspondant
Distribution des résultats
% des personnes avec chaque résultat
Percentile par nombre de réponses
Votre historique - résultats
Vous n’avez pas pris ce quiz